| 000 | 00507nam a2200157 i 4500 | ||
|---|---|---|---|
| 001 | 102103 | ||
| 003 | ES-MaACL | ||
| 005 | 20230906183038.0 | ||
| 007 | t| | ||
| 008 | 051103s1931 sp ||||1| spa d | ||
| 110 | 2 |
_aAteneo de Santander. _92024 |
|
| 245 | 1 | 0 |
_aMemoria del curso de 1930-1931 leída en Junta General Ordinaria de socios celebrada el día 5 de junio de 1931 / _cAteneo de Santander. |
| 260 |
_aSantander : _bLa Ideal, _c1931. |
||
| 300 |
_a26 p. ; _c21 cm. |
||
| 852 |
_aES-MaACL _j1771-F-10 |
||
| 999 |
_c102103 _d102103 |
||